[Event "DSJ Weihnachtsturnier U16: Lasker 2020"]
[Site ""]
[Date "2020.12.28"]
[Round "2"]
[White "Hänselmann, Hendrik"]
[Black "Rennkamp, David"]
[Result "0-1"]
[Termination "normal"]
[Board "5.3"]
[WhiteElo "1828"]
[BlackElo "1371"]
[WhiteTeam "Karlsruher SF 1853"]
[BlackTeam "SC Turm Lüneburg"]
[PlyCount "124"]
[WhiteFideId "16232755"]
[BlackFideId "16249526"]
[EventRounds "7"]
[EventType "team-swiss"]
[EventDate "2020.12.28"]

1. e4 {[%emt 0:00:08]} e5 {[%emt 0:00:03]} 2. Nf3 {[%emt 0:00:03]} Nc6 { [%emt
0:00:03]} 3. Nc3 {[%emt 0:00:01]} Nf6 {[%emt 0:00:05]} 4. a3 {[%emt 0:00:03]}
Bc5 {[%emt 0:00:04]} 5. Nxe5 {[%emt 0:00:12]} Bxf2+ {[%emt 0:00:15]} 6. Kxf2
{[%emt 0:00:03]} Nxe5 {[%emt 0:00:02]} 7. d4 {[%emt 0:00:03]} Ng6 { [%emt
0:00:02]} 8. Kg1 {[%emt 0:00:09]} d6 {[%emt 0:00:06]} 9. Bg5 {[%emt 0:00:17]}
h6 {[%emt 0:00:13]} 10. Bxf6 {[%emt 0:01:44]} Qxf6 {[%emt 0:00:06]} 11. Nd5
{[%emt 0:00:08]} Qd8 {[%emt 0:00:19]} 12. Qf3 {[%emt 0:00:51]} O-O { [%emt
0:01:02]} 13. h3 {[%emt 0:00:27]} c6 {[%emt 0:00:08]} 14. Nc3 {[%emt 0:00:32]}
f5 {[%emt 0:01:30]} 15. Bc4+ {[%emt 0:00:49]} Kh8 {[%emt 0:00:21]} 16. Qe3
{[%emt 0:00:55]} fxe4 {[%emt 0:00:20]} 17. d5 {[%emt 0:00:12]} Bf5 { [%emt
0:01:51]} 18. Ne2 {[%emt 0:01:22]} Ne5 {[%emt 0:00:39]} 19. Bb3 {[%emt
0:00:18]} c5 {[%emt 0:00:48]} 20. Ng3 {[%emt 0:00:29]} Bh7 {[%emt 0:00:33]} 21.
Nxe4 {[%emt 0:00:17]} Qe7 {[%emt 0:00:38]} 22. Re1 {[%emt 0:00:13]} Rad8 {
[%emt 0:00:29]} 23. Kh2 {[%emt 0:00:16]} Qh4 {[%emt 0:00:11]} 24. Qe2 {[%emt
0:00:26]} Rf4 {[%emt 0:00:33]} 25. Nd2 {[%emt 0:00:20]} Ng4+ {[%emt 0:00:13]}
26. Kg1 {[%emt 0:00:02]} Ne5 {[%emt 0:00:05]} 27. Rf1 {[%emt 0:00:17]} Kg8 {
[%emt 0:00:03]} 28. Rxf4 {[%emt 0:00:06]} Qxf4 {[%emt 0:00:02]} 29. Nf3 { [%emt
0:00:03]} Nxf3+ {[%emt 0:00:02]} 30. Qxf3 {[%emt 0:00:01]} Qxf3 {[%emt
0:00:01]} 31. gxf3 {[%emt 0:00:00]} Rf8 {[%emt 0:00:03]} 32. Kg2 {[%emt
0:00:02]} Bg6 {[%emt 0:00:02]} 33. Re1 {[%emt 0:00:02]} Bh5 {[%emt 0:00:02]}
34. Re3 { [%emt 0:00:02]} Kf7 {[%emt 0:00:02]} 35. c3 {[%emt 0:00:02]} Re8
{[%emt 0:00:02]} 36. Rxe8 {[%emt 0:00:09]} Kxe8 {[%emt 0:00:01]} 37. Bc2 {[%emt
0:00:01]} b6 {[%emt 0:00:02]} 38. Kg3 {[%emt 0:00:01]} a5 {[%emt 0:00:02]} 39.
Kf4 { [%emt 0:00:03]} Bf7 {[%emt 0:00:03]} 40. c4 {[%emt 0:00:03]} g5+ {[%emt
0:00:02]} 41. Ke3 {[%emt 0:00:03]} Ke7 {[%emt 0:00:01]} 42. Kd2 {[%emt
0:00:04]} Kf6 {[%emt 0:00:01]} 43. Kc3 {[%emt 0:00:01]} h5 {[%emt 0:00:02]} 44.
b4 {[%emt 0:00:02]} axb4+ {[%emt 0:00:02]} 45. axb4 {[%emt 0:00:00]} h4 {[%emt
0:00:03]} 46. Kb3 {[%emt 0:00:03]} Bh5 {[%emt 0:00:02]} 47. Be4 {[%emt
0:00:02]} Ke5 { [%emt 0:00:01]} 48. bxc5 {[%emt 0:00:02]} bxc5 {[%emt 0:00:02]}
49. Ka4 { [%emt 0:00:01]} Kf4 {[%emt 0:00:04]} 50. Kb5 {[%emt 0:00:01]} Bxf3
{[%emt 0:00:02]} 51. Bc2 {[%emt 0:00:05]} Be4 {[%emt 0:00:02]} 52. Bd1 {[%emt
0:00:03]} Bg2 {[%emt 0:00:02]} 53. Bg4 {[%emt 0:00:02]} Kg3 {[%emt 0:00:02]}
54. Kc6 { [%emt 0:00:01]} Bxh3 {[%emt 0:00:02]} 55. Bh5 {[%emt 0:00:02]} g4
{[%emt 0:00:02]} 56. Kxd6 {[%emt 0:00:01]} Kf4 {[%emt 0:00:02]} 57. Bxg4 {[%emt
0:00:07]} Bxg4 {[%emt 0:00:02]} 58. Kxc5 {[%emt 0:00:00]} h3 {[%emt 0:00:01]}
59. d6 { [%emt 0:00:01]} h2 {[%emt 0:00:02]} 60. Kc6 {[%emt 0:00:01]} h1=Q+
{[%emt 0:00:01]} 61. Kc7 {[%emt 0:00:00]} Qh7+ {[%emt 0:00:03]} 62. d7 {[%emt
0:00:01]} Qxd7+ {[%emt 0:00:02]} 0-1

[Event "DSJ Weihnachtsturnier U16: Lasker 2020"]
[Site ""]
[Date "2020.12.28"]
[Round "2"]
[White "Rennkamp, Johannes"]
[Black "Borodaev, Roman"]
[Result "0-1"]
[Termination "normal"]
[Board "5.4"]
[WhiteElo "1603"]
[BlackElo "1657"]
[WhiteTeam "SC Turm Lüneburg"]
[BlackTeam "Karlsruher SF 1853"]
[PlyCount "106"]
[WhiteFideId "16268784"]
[BlackFideId "16274881"]
[EventRounds "7"]
[EventType "team-swiss"]
[EventDate "2020.12.28"]

1. d4 {[%emt 0:00:03] Karlsru4-004 reconnected.} Nf6 {[%emt 0:00:40]} 2. Bg5 {
[%emt 0:00:10]} d5 {[%emt 0:00:09]} 3. Bxf6 {[%emt 0:00:05]} exf6 {[%emt
0:00:02]} 4. c4 {[%emt 0:00:02]} c5 {[%emt 0:00:04]} 5. dxc5 {[%emt 0:00:12]}
dxc4 { [%emt 0:00:17]} 6. Qxd8+ {[%emt 0:00:04]} Kxd8 {[%emt 0:00:00]} 7. e3
{[%emt 0:00:09]} Bxc5 {[%emt 0:00:14]} 8. Bxc4 {[%emt 0:00:02]} Be6 {[%emt
0:00:01]} 9. Nd2 {[%emt 0:00:26]} Nc6 {[%emt 0:00:04]} 10. a3 {[%emt 0:00:30]}
a5 {[%emt 0:00:16]} 11. Ngf3 {[%emt 0:00:19]} Ke7 {[%emt 0:00:21]} 12. Bxe6
{[%emt 0:00:32] } fxe6 {[%emt 0:00:03]} 13. Nb3 {[%emt 0:00:04]} Bd6 {[%emt
0:00:06]} 14. O-O { [%emt 0:00:10]} Rhb8 {[%emt 0:00:47]} 15. Rfd1 {[%emt
0:00:19]} b5 {[%emt 0:00:06]} 16. Rac1 {[%emt 0:00:10]} Ne5 {[%emt 0:00:18]}
17. Nxe5 {[%emt 0:00:29]} Bxe5 {[%emt 0:00:00]} 18. Nd4 {[%emt 0:00:02]} Bxd4
{[%emt 0:00:22]} 19. Rxd4 { [%emt 0:00:08]} Rb7 {[%emt 0:00:08]} 20. Kf1 {[%emt
0:00:32]} b4 {[%emt 0:00:10]} 21. axb4 {[%emt 0:00:31]} axb4 {[%emt 0:00:08]}
22. Rcc4 {[%emt 0:00:13]} Rab8 {[%emt 0:00:42]} 23. Rd1 {[%emt 0:00:50]} Rd8
{[%emt 0:00:47]} 24. Rxd8 { [%emt 0:00:22]} Kxd8 {[%emt 0:00:00]} 25. Ke2
{[%emt 0:00:02]} Kd7 {[%emt 0:00:02]} 26. Kd3 {[%emt 0:00:04]} Kd6 {[%emt
0:00:03]} 27. e4 {[%emt 0:00:02]} f5 { [%emt 0:00:17]} 28. f3 {[%emt 0:00:54]}
Rb5 {[%emt 0:02:39]} 29. Rd4+ {[%emt 0:00:22]} Kc5 {[%emt 0:00:19]} 30. Rd7
{[%emt 0:00:05]} fxe4+ {[%emt 0:00:10]} 31. fxe4 {[%emt 0:00:05]} Rb6 {[%emt
0:00:21]} 32. Rc7+ {[%emt 0:00:49]} Kb5 { [%emt 0:00:06]} 33. Rxg7 {[%emt
0:00:08]} Ka4 {[%emt 0:00:35]} 34. Rxh7 { [%emt 0:00:47]} Kb3 {[%emt 0:00:03]}
35. Rc7 {[%emt 0:00:18]} Kxb2 {[%emt 0:00:02]} 36. Rc2+ {[%emt 0:00:03]} Ka3
{[%emt 0:00:02]} 37. Rc7 {[%emt 0:00:33]} b3 {[%emt 0:00:05]} 38. Kc3 {[%emt
0:00:15]} Ka2 {[%emt 0:00:10]} 39. Ra7+ { [%emt 0:00:17]} Kb1 {[%emt 0:00:01]}
40. h4 {[%emt 0:00:05]} b2 {[%emt 0:00:02] } 41. h5 {[%emt 0:00:02]} Kc1 {[%emt
0:00:05]} 42. Rc7 {[%emt 0:00:02]} b1=Q { [%emt 0:00:04]} 43. Kd4+ {[%emt
0:00:01]} Kd2 {[%emt 0:00:02]} 44. Rd7 { [%emt 0:00:02]} Qd3+ {[%emt 0:00:02]}
45. Kc5 {[%emt 0:00:02]} Qxd7 {[%emt 0:00:02]} 46. Kxb6 {[%emt 0:00:01]} Kc3
{[%emt 0:00:01]} 47. h6 {[%emt 0:00:01]} Kc4 {[%emt 0:00:01]} 48. g4 {[%emt
0:00:01]} Qb5+ {[%emt 0:00:02]} 49. Kc7 { [%emt 0:00:01]} Kc5 {[%emt 0:00:02]}
50. Kd8 {[%emt 0:00:05]} Kd6 {[%emt 0:00:04]} 51. Kc8 {[%emt 0:00:01]} Qb6
{[%emt 0:00:04]} 52. e5+ {[%emt 0:00:04]} Kc6 {[%emt 0:00:03]} 53. h7 {[%emt
0:00:06]} Qc7# {[%emt 0:00:01]} 0-1

[Event "DSJ Weihnachtsturnier U16: Lasker 2020"]
[Site ""]
[Date "2020.12.28"]
[Round "2"]
[White "Boder, Jan"]
[Black "Gallasch, Jonas"]
[Result "1-0"]
[Termination "normal"]
[Board "6.1"]
[WhiteElo "2146"]
[BlackElo "2112"]
[WhiteTeam "SC ML Kastellaun"]
[BlackTeam "Schachgemeinschaft Porz"]
[PlyCount "127"]
[WhiteFideId "16243226"]
[BlackFideId "16222474"]
[EventRounds "7"]
[EventType "team-swiss"]
[EventDate "2020.12.28"]

1. c4 {[%emt 0:00:07]} c5 {[%emt 0:00:06]} 2. g3 {[%emt 0:00:05]} Nc6 {[%emt
0:00:12]} 3. Bg2 {[%emt 0:00:01]} g6 {[%emt 0:00:08]} 4. Nc3 {[%emt 0:00:02]}
Bg7 {[%emt 0:00:02]} 5. a3 {[%emt 0:00:00]} e6 {[%emt 0:00:08]} 6. b4 {[%emt
0:00:02]} d6 {[%emt 0:00:16]} 7. b5 {[%emt 0:00:26]} Ne5 {[%emt 0:00:10]} 8.
Qb3 { [%emt 0:00:13]} Ne7 {[%emt 0:00:09]} 9. Nf3 {[%emt 0:00:07]} O-O {[%emt
0:00:19]} 10. O-O {[%emt 0:00:02]} d5 {[%emt 0:00:45]} 11. Nxe5 {[%emt
0:00:17]} Bxe5 {[%emt 0:00:02]} 12. d3 {[%emt 0:00:02]} dxc4 {[%emt 0:01:43]}
13. Qxc4 { [%emt 0:00:26]} Qd4 {[%emt 0:00:46]} 14. Bb2 {[%emt 0:00:30]} Rb8
{[%emt 0:00:20]} 15. Na4 {[%emt 0:00:44]} Qxc4 {[%emt 0:00:06]} 16. dxc4 {[%emt
0:00:00]} Bxb2 {[%emt 0:00:26]} 17. Nxb2 {[%emt 0:00:00]} Rd8 {[%emt 0:00:10]}
18. Rfd1 { [%emt 0:00:15]} Bd7 {[%emt 0:00:18]} 19. a4 {[%emt 0:00:20]} b6
{[%emt 0:00:36] } 20. a5 {[%emt 0:00:14]} Nf5 {[%emt 0:00:45]} 21. axb6 {[%emt
0:01:44]} axb6 { [%emt 0:00:02]} 22. e3 {[%emt 0:00:19]} Be8 {[%emt 0:00:04]}
23. Kf1 {[%emt 0:00:11]} Rxd1+ {[%emt 0:00:45]} 24. Nxd1 {[%emt 0:00:00]} Nd6
{[%emt 0:00:02]} 25. Nb2 {[%emt 0:00:02]} Kf8 {[%emt 0:00:09]} 26. Ke2 {[%emt
0:00:02]} Bd7 { [%emt 0:00:08]} 27. Ra7 {[%emt 0:00:14]} Ke8 {[%emt 0:00:12]}
28. Kd3 {[%emt 0:00:19]} e5 {[%emt 0:00:35]} 29. Bd5 {[%emt 0:00:15]} f5 {[%emt
0:00:29]} 30. f3 {[%emt 0:01:12]} Rd8 {[%emt 0:00:26]} 31. e4 {[%emt 0:01:45]}
Rb8 {[%emt 0:00:26]} 32. Na4 {[%emt 0:00:16]} Nc8 {[%emt 0:00:12]} 33. Ra6
{[%emt 0:00:05]} Kd8 {[%emt 0:00:02]} 34. Nc3 {[%emt 0:00:15]} Nd6 {[%emt
0:00:03]} 35. Ra7 { [%emt 0:00:12]} Nc8 {[%emt 0:00:01]} 36. Ra1 {[%emt
0:00:08]} h6 {[%emt 0:00:05]} 37. f4 {[%emt 0:00:11]} exf4 {[%emt 0:00:02]} 38.
gxf4 {[%emt 0:00:00]} fxe4+ {[%emt 0:00:02]} 39. Nxe4 {[%emt 0:00:02]} Bf5
{[%emt 0:00:01]} 40. Ke3 { [%emt 0:00:08]} Bxe4 {[%emt 0:00:02]} 41. Bxe4
{[%emt 0:00:00]} Nd6 {[%emt 0:00:01]} 42. Bd5 {[%emt 0:00:01]} Kc7 {[%emt
0:00:01]} 43. Ra7+ {[%emt 0:00:02]} Nb7 {[%emt 0:00:01]} 44. Ke4 {[%emt
0:00:07]} Re8+ {[%emt 0:00:01]} 45. Kf3 { [%emt 0:00:01]} Rb8 {[%emt 0:00:01]}
46. Bc6 {[%emt 0:00:01]} Kc8 {[%emt 0:00:05]} 47. Bxb7+ {[%emt 0:00:03]} Rxb7
{[%emt 0:00:00]} 48. Rxb7 {[%emt 0:00:01]} Kxb7 {[%emt 0:00:00]} 49. Ke4 {[%emt
0:00:00]} Kc7 {[%emt 0:00:00]} 50. Ke5 { [%emt 0:00:00]} Kd7 {[%emt 0:00:06]}
51. Kf6 {[%emt 0:00:02]} g5 {[%emt 0:00:00]} 52. fxg5 {[%emt 0:00:01]} hxg5
{[%emt 0:00:00]} 53. Kxg5 {[%emt 0:00:00]} Ke6 {[%emt 0:00:00]} 54. h4 {[%emt
0:00:01]} Ke5 {[%emt 0:00:01]} 55. h5 { [%emt 0:00:01]} Kd4 {[%emt 0:00:00]}
56. h6 {[%emt 0:00:01]} Kxc4 {[%emt 0:00:00]} 57. h7 {[%emt 0:00:01]} Kb3
{[%emt 0:00:00]} 58. h8=Q {[%emt 0:00:01]} c4 {[%emt 0:00:01]} 59. Qc8 {[%emt
0:00:06]} c3 {[%emt 0:00:01]} 60. Qe6+ { [%emt 0:00:02]} Kb2 {[%emt 0:00:01]}
61. Qxb6 {[%emt 0:00:02]} c2 {[%emt 0:00:00]} 62. Qc6 {[%emt 0:00:00]} c1=Q+
{[%emt 0:00:01]} 63. Qxc1+ {[%emt 0:00:00]} Kxc1 {[%emt 0:00:00]} 64. b6 {[%emt
0:00:00]} 1-0

[Event "DSJ Weihnachtsturnier U16: Lasker 2020"]
[Site ""]
[Date "2020.12.28"]
[Round "2"]
[White "Sabirov, Rafael"]
[Black "Ohler, Julius"]
[Result "1-0"]
[Termination "normal"]
[Board "6.2"]
[WhiteElo "1635"]
[BlackElo "2010"]
[WhiteTeam "Schachgemeinschaft Porz"]
[BlackTeam "SC ML Kastellaun"]
[PlyCount "59"]
[WhiteFideId "16241185"]
[BlackFideId "16238982"]
[EventRounds "7"]
[EventType "team-swiss"]
[EventDate "2020.12.28"]

1. e4 {[%emt 0:00:07]} c6 {[%emt 0:00:08]} 2. d4 {[%emt 0:00:02]} d5 {[%emt
0:00:01]} 3. Nc3 {[%emt 0:00:02]} dxe4 {[%emt 0:00:01]} 4. Nxe4 {[%emt
0:00:02]} Nf6 {[%emt 0:00:01]} 5. Nxf6+ {[%emt 0:00:03]} exf6 {[%emt 0:00:00]}
6. c3 { [%emt 0:00:01]} Bd6 {[%emt 0:00:08]} 7. Bd3 {[%emt 0:00:05]} h5 {[%emt
0:00:06] } 8. Ne2 {[%emt 0:00:08]} O-O {[%emt 0:00:05]} 9. O-O {[%emt 0:00:12]}
Nd7 { [%emt 0:00:07]} 10. Nf4 {[%emt 0:00:36]} g6 {[%emt 0:01:52]} 11. Nxh5
{[%emt 0:00:47]} Re8 {[%emt 0:00:03]} 12. Nf4 {[%emt 0:01:26]} f5 {[%emt
0:00:08]} 13. Qf3 {[%emt 0:00:10]} Nf6 {[%emt 0:00:13]} 14. Bc4 {[%emt
0:00:36]} g5 {[%emt 0:00:18]} 15. Nh5 {[%emt 0:00:52]} g4 {[%emt 0:00:05]} 16.
Nxf6+ {[%emt 0:00:02]} Qxf6 {[%emt 0:00:03]} 17. Qd3 {[%emt 0:00:13]} f4 {[%emt
0:00:08]} 18. f3 { [%emt 0:00:38]} Bf5 {[%emt 0:00:11]} 19. Qd1 {[%emt
0:00:14]} g3 {[%emt 0:00:13]} 20. h3 {[%emt 0:00:08]} Kg7 {[%emt 0:00:19]} 21.
Bd3 {[%emt 0:00:40]} Bxh3 {[%emt 0:00:41]} 22. gxh3 {[%emt 0:00:17]} Rh8 {[%emt
0:00:08]} 23. Kg2 { [%emt 0:00:50]} Rxh3 {[%emt 0:00:17]} 24. Rh1 {[%emt
0:00:01]} Rxh1 {[%emt 0:00:05]} 25. Qxh1 {[%emt 0:00:10]} Rh8 {[%emt 0:00:02]}
26. Bd2 {[%emt 0:00:41]} Rxh1 {[%emt 0:00:04]} 27. Rxh1 {[%emt 0:00:01]} b6
{[%emt 0:00:21]} 28. c4 { [%emt 0:00:26]} c5 {[%emt 0:00:12]} 29. Rh5 {[%emt
0:00:40]} Qxd4 {[%emt 0:00:26]} 30. Bc3 {[%emt 0:00:02]} 1-0

[Event "DSJ Weihnachtsturnier U16: Lasker 2020"]
[Site ""]
[Date "2020.12.28"]
[Round "2"]
[White "Hoffmann, Tom"]
[Black "Bolz, Jannis"]
[Result "1-0"]
[Termination "normal"]
[Board "6.3"]
[WhiteElo "1296"]
[BlackElo "1636"]
[WhiteTeam "SC ML Kastellaun"]
[BlackTeam "Schachgemeinschaft Porz"]
[PlyCount "113"]
[WhiteFideId "16288726"]
[BlackFideId "16214897"]
[EventRounds "7"]
[EventType "team-swiss"]
[EventDate "2020.12.28"]

1. Nf3 { [%emt 0:00:08]} Nf6 {[%emt 0:00:12]} 2. g3 {[%emt 0:00:08]} g6 {[%emt
0:00:06]} 3. Bg2 {[%emt 0:00:06]} Bg7 {[%emt 0:00:02]} 4. d4 {[%emt 0:00:04]}
O-O { [%emt 0:00:10]} 5. c4 {[%emt 0:00:24]} d5 {[%emt 0:00:09]} 6. O-O {[%emt
0:00:48]} c5 {[%emt 0:00:24]} 7. dxc5 {[%emt 0:00:42]} Na6 {[%emt 0:02:11]} 8.
Nc3 { [%emt 0:00:44]} dxc4 {[%emt 0:01:00]} 9. Ne5 {[%emt 0:00:35]} Nxc5 {[%emt
0:01:19]} 10. Nxc4 {[%emt 0:00:50]} Qc7 {[%emt 0:00:04]} 11. Bf4 {[%emt
0:00:17]} Qd7 {[%emt 0:01:08]} 12. b4 {[%emt 0:00:55]} Ne6 {[%emt 0:00:13]} 13.
Be5 { [%emt 0:00:11]} Nh5 {[%emt 0:01:19]} 14. Bxg7 {[%emt 0:01:38]} Nhxg7
{[%emt 0:00:00]} 15. Qxd7 {[%emt 0:00:11]} Bxd7 {[%emt 0:00:04]} 16. Ne5 {[%emt
0:00:14] } Rfd8 {[%emt 0:00:33]} 17. Rfd1 {[%emt 0:00:13]} Be8 {[%emt 0:00:17]}
18. Bxb7 {[%emt 0:00:18]} Rxd1+ {[%emt 0:00:14]} 19. Rxd1 {[%emt 0:00:04]} Rb8
{[%emt 0:00:04]} 20. Bg2 {[%emt 0:00:09]} Rxb4 {[%emt 0:00:03]} 21. Nc6 {[%emt
0:00:22]} Rc4 {[%emt 0:00:16]} 22. Nxe7+ {[%emt 0:00:05]} Kf8 {[%emt 0:00:02]}
23. Ncd5 { [%emt 0:00:01]} Rc2 {[%emt 0:00:39]} 24. a4 {[%emt 0:00:53]} Rxe2
{[%emt 0:00:02]} 25. Nc8 {[%emt 0:00:06]} Rc2 {[%emt 0:00:04]} 26. Nxa7 {[%emt
0:00:06]} Ra2 {[%emt 0:00:02]} 27. Nf6 {[%emt 0:00:10]} Rxa4 {[%emt 0:00:07]}
28. Nxe8 { [%emt 0:00:05]} Nxe8 {[%emt 0:00:02]} 29. Nc6 {[%emt 0:00:02]} Ra7
{[%emt 0:00:00]} 30. h4 {[%emt 0:00:04]} Rc7 {[%emt 0:00:02]} 31. Rb1 {[%emt
0:00:06]} f6 { [%emt 0:00:02]} 32. Re1 {[%emt 0:00:04]} Kf7 {[%emt 0:00:01]}
33. Bd5 {[%emt 0:00:04]} N8g7 {[%emt 0:00:07]} 34. Nd8+ {[%emt 0:00:07]} Ke7
{[%emt 0:00:05]} 35. Nxe6 {[%emt 0:00:02]} Nxe6 {[%emt 0:00:01]} 36. Bxe6
{[%emt 0:00:04]} Kf8 { [%emt 0:00:01]} 37. Bh3 {[%emt 0:00:02]} Kg7 {[%emt
0:00:00]} 38. Bg2 {[%emt 0:00:01]} Rc2 {[%emt 0:00:01]} 39. Bf1 {[%emt
0:00:03]} Rb2 {[%emt 0:00:01]} 40. Re2 {[%emt 0:00:01]} Rc2 {[%emt 0:00:01]}
41. Rxc2 {[%emt 0:00:02]} f5 { [%emt 0:00:01]} 42. Rc7+ {[%emt 0:00:00]} Kf6
{[%emt 0:00:02]} 43. Bc4 { [%emt 0:00:00]} Ke5 {[%emt 0:00:02]} 44. f4+ {[%emt
0:00:01]} Kd4 {[%emt 0:00:00]} 45. Bg8 {[%emt 0:00:02]} Ke3 {[%emt 0:00:00]}
46. Bxh7 {[%emt 0:00:02]} Kd3 {[%emt 0:00:00]} 47. Bxg6 {[%emt 0:00:01]} Kd2
{[%emt 0:00:00]} 48. Bxf5 { [%emt 0:00:01]} Ke3 {[%emt 0:00:01]} 49. h5 {[%emt
0:00:01]} Kf3 {[%emt 0:00:01]} 50. h6 {[%emt 0:00:00]} Kxg3 {[%emt 0:00:01]}
51. h7 {[%emt 0:00:00]} Kxf4 {[%emt 0:00:01]} 52. h8=Q {[%emt 0:00:00]} Kxf5
{[%emt 0:00:01]} 53. Qf8+ { [%emt 0:00:02]} Ke5 {[%emt 0:00:01]} 54. Qc5+
{[%emt 0:00:02]} Kf6 {[%emt 0:00:01]} 55. Rc6+ {[%emt 0:00:04]} Kf7 {[%emt
0:00:01]} 56. Qa7+ {[%emt 0:00:01]} Ke8 {[%emt 0:00:02]} 57. Rc8# {[%emt
0:00:00]} 1-0

[Event "DSJ Weihnachtsturnier U16: Lasker 2020"]
[Site ""]
[Date "2020.12.28"]
[Round "2"]
[White "Laudwein, Jakob"]
[Black "Nedilko, Marko"]
[Result "0-1"]
[Termination "normal"]
[Board "6.4"]
[WhiteElo "1559"]
[BlackElo "1407"]
[WhiteTeam "Schachgemeinschaft Porz"]
[BlackTeam "SC ML Kastellaun"]
[PlyCount "136"]
[WhiteFideId "16258487"]
[BlackFideId "16266560"]
[EventRounds "7"]
[EventType "team-swiss"]
[EventDate "2020.12.28"]

1. d4 {[%emt 0:00:07]} g6 {[%emt 0:00:02]} 2. c4 {[%emt 0:00:05]} Bg7 {[%emt
0:00:02]} 3. Nc3 {[%emt 0:00:06]} c5 {[%emt 0:00:12]} 4. Nf3 {[%emt 0:01:11]}
d6 {[%emt 0:00:29]} 5. Bf4 {[%emt 0:00:56]} Nf6 {[%emt 0:00:04]} 6. e3 {[%emt
0:01:02]} Nc6 {[%emt 0:00:35]} 7. d5 {[%emt 0:00:11]} Nb8 {[%emt 0:00:07]} 8.
Be2 {[%emt 0:00:21]} e5 {[%emt 0:00:35]} 9. dxe6 {[%emt 0:00:27]} Bxe6 {[%emt
0:00:03]} 10. Qxd6 {[%emt 0:00:18]} Qxd6 {[%emt 0:00:05]} 11. Bxd6 {[%emt
0:00:03]} Nc6 {[%emt 0:00:10]} 12. Bxc5 {[%emt 0:00:15]} b6 {[%emt 0:00:02]}
13. Bd6 { [%emt 0:00:30]} Rd8 {[%emt 0:00:03]} 14. Rd1 {[%emt 0:00:05]} Na5
{[%emt 0:00:27]} 15. b3 {[%emt 0:00:25]} Nb7 {[%emt 0:00:09]} 16. Ba3 {[%emt
0:00:08]} Rxd1+ {[%emt 0:00:13]} 17. Bxd1 {[%emt 0:00:06]} Ng4 {[%emt 0:00:05]}
18. Nb5 { [%emt 0:00:27]} a6 {[%emt 0:00:38]} 19. Nc7+ {[%emt 0:00:04]} Kd7
{[%emt 0:00:02]} 20. Nxe6 {[%emt 0:00:21]} fxe6 {[%emt 0:00:06]} 21. O-O {[%emt
0:00:03]} h5 {[%emt 0:00:12]} 22. Bc2 {[%emt 0:00:07]} Rh6 {[%emt 0:00:47]} 23.
Rd1+ { [%emt 0:00:05]} Kc8 {[%emt 0:00:07]} 24. h3 {[%emt 0:00:21]} Nf6 {[%emt
0:00:13]} 25. Ne5 {[%emt 0:00:16]} Ne4 {[%emt 0:00:26]} 26. Bxe4 {[%emt
0:00:15]} Bxe5 {[%emt 0:00:02]} 27. Be7 {[%emt 0:00:24]} Rh7 {[%emt 0:00:23]}
28. Bg5 { [%emt 0:00:13]} Nc5 {[%emt 0:00:08]} 29. Bc2 {[%emt 0:00:19]} Kc7
{[%emt 0:00:36]} 30. Bd8+ {[%emt 0:00:10]} Kb7 {[%emt 0:00:11]} 31. Bxg6 {[%emt
0:00:17]} Rh6 {[%emt 0:00:04]} 32. Bc2 {[%emt 0:00:08]} b5 {[%emt 0:00:52]} 33.
cxb5 { [%emt 0:00:07]} axb5 {[%emt 0:00:01]} 34. b4 {[%emt 0:00:03]} Na6 {[%emt
0:00:08]} 35. Be4+ {[%emt 0:00:04]} Kc8 {[%emt 0:00:10]} 36. Bg5 {[%emt
0:00:02]} Rh8 {[%emt 0:00:06]} 37. Ra1 {[%emt 0:00:12]} Bxa1 {[%emt 0:00:10]}
38. Bc2 { [%emt 0:00:09]} Nxb4 {[%emt 0:00:04]} 39. Bb3 {[%emt 0:00:10]} e5
{[%emt 0:00:11]} 40. Be6+ {[%emt 0:00:04]} Kc7 {[%emt 0:00:04]} 41. Bb3 {[%emt
0:00:07]} Kd6 {[%emt 0:00:02]} 42. a3 {[%emt 0:00:03]} Nd3 {[%emt 0:00:05]} 43.
a4 { [%emt 0:00:03]} bxa4 {[%emt 0:00:03]} 44. Bxa4 {[%emt 0:00:02]} Rg8 {[%emt
0:00:06]} 45. Bc2 {[%emt 0:00:06]} e4 {[%emt 0:00:11]} 46. Bh4 {[%emt 0:00:09]}
Rc8 {[%emt 0:00:09]} 47. Bg3+ {[%emt 0:00:03]} Kd5 {[%emt 0:00:09]} 48. Bb3+ {
[%emt 0:00:02]} Kc5 {[%emt 0:00:09]} 49. Be6 {[%emt 0:00:02]} Re8 {[%emt
0:00:16]} 50. Bf7 {[%emt 0:00:02]} Re7 {[%emt 0:00:02]} 51. Bxh5 {[%emt
0:00:03]} Rb7 {[%emt 0:00:09]} 52. Bg4 {[%emt 0:00:04]} Rb1+ {[%emt 0:00:04]}
53. Kh2 { [%emt 0:00:02]} Kd5 {[%emt 0:00:02]} 54. h4 {[%emt 0:00:02]} Ne5
{[%emt 0:00:02]} 55. Bf5 {[%emt 0:00:09]} Rb8 {[%emt 0:00:26]} 56. h5 {[%emt
0:00:02]} Rh8 {[%emt 0:00:03]} 57. Bg6 {[%emt 0:00:11]} Nxg6 {[%emt 0:00:03]}
58. Kg1 { [%emt 0:00:05]} Rxh5 {[%emt 0:00:03]} 59. Bc7 {[%emt 0:00:02]} Rh7
{[%emt 0:00:08]} 60. f3 {[%emt 0:00:01]} Rxc7 {[%emt 0:00:03]} 61. fxe4+ {[%emt
0:00:04]} Ke5 {[%emt 0:00:01]} 62. Kf2 {[%emt 0:00:03]} Kxe4 {[%emt 0:00:01]}
63. g4 { [%emt 0:00:02]} Rc2+ {[%emt 0:00:01]} 64. Kg3 {[%emt 0:00:02]} Kxe3
{[%emt 0:00:02]} 65. g5 {[%emt 0:00:02]} Rc1 {[%emt 0:00:02]} 66. Kg4 {[%emt
0:00:03]} Ke4 {[%emt 0:00:02]} 67. Kh5 {[%emt 0:00:01]} Nf4+ {[%emt 0:00:03]}
68. Kh6 { [%emt 0:00:03]} Rh1# {[%emt 0:00:05]} 0-1